Tennis - Trouvez le tennisman français - Statistiques

Statistiques générales
  • Ce quiz a été pris 555 fois
  • Le résultat moyen est 8 sur 20
Statistiques - réponses
Hint Réponse % Correct
A remporté un tournoi du Grand Chelem Yannick Noah
99%
A 17 défaites consécutives contre Novak Djokovic Gaël Monfils
75%
A battu Dimitrov, Murray, Federer et Djokovic en un tournoi Jo-Wilfried Tsonga
75%
A perdu le plus long match de l'histoire du tennis Nicolas Mahut
72%
A gagné tous les tournois du Grand Chelem en double (different du précédent) Pierre-Hugues Herbert
65%
Joueur chauve en activité dans le top 100 Adrian Mannarino
60%
A été disqualifié de l'équipe de France des JO Benoit Paire
51%
Plus jeune vainqueur d'un match ATP Richard Gasquet
48%
Vainqueur et directeur de Paris-Bercy Guy Forget
47%
A battu Nadal à Madrid (2008) Gilles Simon
37%
A remporté le seul titre français de 2021 Ugo Humbert
36%
A perdu le plus long match de Roland Garros Arnaud Clément
33%
A vaincu le numéro 6 mondial Pete Sampras en étant classé 159e Henri Leconte
31%
A disputé des tournois du Grand Chelem sur 4 décennies différentes Fabrice Santoro
27%
Ex-francais naturalisé américain Maxime Cressy
27%
A toujours échoué en finale de 10 ATP Julien Benneteau
19%
A remporté la médaille de bronze en simple au JO Arnaud di Pasquale
16%
A un record non-officiel de service à 257,5 km/h Albano Olivetti
10%
A vaincu Nadal sur terre battue Olivier Mutis
4%
Ex-ouzbek naturalisé français Gleb Sakharov
2%
Aucun quiz correspondant
Distribution des résultats
% des personnes avec chaque résultat
Percentile par nombre de réponses
Votre historique - résultats
Vous n’avez pas pris ce quiz